| 000 | 00000nam##2200000za#4500 |
| 001 | 9.566409 |
| 003 | CaOODSP |
| 005 | 20210624180257 |
| 007 | cr ||||||||||| |
| 008 | 150406|2005||||xxc|||||o f|0| 0 eng|d |
| 040 | |aCaOODSP|beng |
| 043 | |an-cn--- |
| 086 | 1 |aTU3-5/05-6E-PDF |
| 110 | 2 |aTransportation Safety Board of Canada. |
| 245 | 10|aSettling with power - roll-over - Tasman Helicopters Ltd. Bell 212 (Helicopter) C-GEEC, Spearhead Glacier, British Columbia, 11 February 2005 |h[electronic resource] |
| 260 | |aGatineau - Quebec : |bTransportation Safety Board of Canada |c[2005]. |
| 300 | |a6p.|billus., photographs |
| 490 | 1 |aAviation investigation report |vA05P0032 |
| 590 | |a10-05-Supp|b2010-07-20 |
| 690 | 07|aAircraft accidents|2gcpds |
| 775 | 08|tEnfoncement avec moteur et basculement du Bell 212 (hélicoptère) C-GEEC exploité par Tasman Helicopters Ltd. au glacier Spearhead (Colombie-Britannique), le 11 février 2005 |w(CaOODSP)9.597903 |
| 830 | #0|aAviation investigation report ;|vA05P0032|w(CaOODSP)9.504825 |
| 856 | 40|ahttp://publications.gc.ca|qPDF|s338 KB|uhttps://publications.gc.ca/collections/collection_2009/bst-tsb/TU3-5-05-6E.pdf|yA05P0032 |